コンテンツを見る
Inicio
Centros participantes
Catálogo
Servicios
Contacto
ログイン
English
Deutsch
Español
Français
Italiano
日本語
Nederlands
Português
Português (Brasil)
中文(简体)
中文(繁體)
Türkçe
עברית
Gaeilge
Cymraeg
Ελληνικά
Català
Euskara
Русский
Čeština
Suomi
Svenska
polski
Dansk
slovenščina
اللغة العربية
বাংলা
Galego
Tiếng Việt
Hrvatski
हिंदी
Հայերէն
Українська
Sámegiella
言語
全フィールド
タイトル
著者
主題
請求記号
ISBN/ISSN
タグ
検索
詳細検索
El 12 de octubre y más allá
この資料を引用
この資料をメール
印刷
エクスポート
エクスポート先: RefWorks
エクスポート先: EndNoteWeb
エクスポート先: EndNote
お気に入りに追加
パーマネントリンク
最初の評価を行う
El 12 de octubre y más allá
保存先:
書誌詳細
フォーマット:
テキスト
タグ:
タグ追加
タグなし, このレコードへの初めてのタグを付けませんか!
所蔵
その他の書誌記述
コメント
類似資料
MARC表示
MARC
LEADER
00000 a a2200000 04500
001
42522
003
040
245
|a
El 12 de octubre y más allá
773
|g
volumen23, número1020 ( , 2002), páginas 11-13
999
|c
31883
|d
31883
類似資料
Ante el 12 de octubre: pueblos indígenas reclaman autonomía
12 de octubre día de las culturas /
著者:: Murillo, Carmen, 等
En torno al 12 de octubre de 1492 : conceptos y significación /
著者:: Le Riverend Brusone, Julio
12 de octubre día de las culturas. La herencia africana /
著者:: Cáceres Gómez, Rina del Carmen
12 de octubre día de las culturas, Costa Rica : una sociedad pluricultural /
著者:: Bozzoli de Wille, María Eugenia, 等
出版事項: (1998)